Statistiken für Deutsche Musiker nach Buchstabe - C

Klicken Sie hier um das Quiz zu spielen!

Allgemein

  • Dieses Quiz wurde 92 mal gespielt
  • Das Durchschnittsergebnis liegt bei 9 aus 20

Antwortstatistiken

Aktive JahreSongsAntwort% Korrekt
2002-Hamma! | MonstaCulcha Candela
80%
2020-Wildberry Lillet | Mangos mit ChiliChuba, Nina
78%
2009-Einmal um die Welt | TraumCro
77%
1998-Wie schön du bist | VincentConnor, Sarah
76%
2002-Everytime We Touch | Evacuate The DancefloorCascada
72%
2014-Der Bratan bleibt der gleiche | Berlin lebtCapital Bra
63%
1966-Hello Again | Nachts, wenn alles schläftCarpendale, Howard
62%
1999-Flugmodus | GewinnerClueso
57%
2006-Im Ascheregen | So perfektCasper
53%
2006-Frauen regier'n die Welt | Zieh die Schuh' ausCicero, Roger
45%
1989-Mr. Vain | Got To Get ItCulture Beat
37%
2001-Für dich | Lieber soCatterfeld, Yvonne
24%
1928-1935Mein kleiner grüner Kaktus | Irgendwo auf der WeltComedian Harmonists
24%
2020-Tränen aus Kajal | A$AP & RihannaCéline
21%
1965-2012Immer wieder sonntags | Spaniens GitarrenCindy & Bert
21%
1971-2006Der Junge mit der Mundharmonika | Der kleine Prinz (Ein Engel, der Sehnsucht heißt)Clüver, Bernd
21%
1968-1979, 1986-1999Vitamin C | SpoonCan
20%
1972-Am Fenster | CasablancaCity
20%
1983-The Great Commandment | Love Is A ShieldCamouflage
12%
1985-1989Ich liebe dich | BesserClowns & Helden
10%

Verteilung der Resultate

Perzentil nach korrekt beantworteten Fragen

Anzahl Personen mit jedem Resultat

Ihre Resultats-Entwicklung

Sie haben dieses Quiz noch nicht gespielt